The science and practice of crop production (Record no. 8568)
[ view plain ]
| 000 -LEADER | |
|---|---|
| fixed length control field | 00282nam a22001097a 4500 |
| 040 ## - CATALOGING SOURCE | |
| Transcribing agency | HS |
| 082 ## - DEWEY DECIMAL CLASSIFICATION NUMBER | |
| Classification number | 540 |
| 100 ## - MAIN ENTRY--AUTHOR NAME | |
| Personal name | THO KIMEANG |
| 245 ## - TITLE STATEMENT | |
| Title | The science and practice of crop production |
| 260 ## - PUBLICATION, DISTRIBUTION, ETC. (IMPRINT) | |
| Place of publication | University of the philippines los banos (UPLB) |
| Name of publisher | THO KIMEANG |
| Year of publication | 2001 |
| 942 ## - ADDED ENTRY ELEMENTS (KOHA) | |
| Koha item type | សៀវភៅភាសាអង់គ្លេស |
| 952 ## - LOCATION AND ITEM INFORMATION (KOHA) | |
| Withdrawn status [LOCAL, KOHA] | 0 |
| Permanent Location | Date acquired | Koha item type | Lost status | Shelving location | Barcode | Current Location | Full call number |
|---|---|---|---|---|---|---|---|
| Library Block B | 2016-08-05 | សៀវភៅភាសាអង់គ្លេស | C172 | RUA045453 | Library Block B | 540 THO 2011 C172 |